NHL - AHL Affiliations - Statistics

General Stats
  • This quiz has been taken 882 times
  • The average score is 35 of 60
Answer Stats
Answer % Correct
Boston Bruins
79%
Providence Bruins
77%
Anaheim Ducks
75%
Montreal Canadiens
75%
Toronto Maple Leafs
75%
Arizona Coyotes
74%
Chicago Blackhawks
74%
New York Rangers
74%
Calgary Flames
73%
Carolina Hurricanes
73%
Edmonton Oilers
73%
New York Islanders
72%
Pittsburgh Penguins
72%
Washington Capitals
72%
Winnipeg Jets
72%
Los Angeles Kings
71%
Vancouver Canucks
71%
Wilkes-Barre/Scranton Penguins
71%
Dallas Stars
70%
San Jose Sharks
70%
Colorado Avalanche
69%
Philadelphia Flyers
69%
Texas Stars
69%
Albany Devils
68%
Buffalo Sabres
68%
Florida Panthers
68%
Iowa Wild
68%
Minnesota Wild
68%
New Jersey Devils
68%
Ottawa Senators
68%
Tampa Bay Lightning
68%
Binghamton Senators
67%
Columbus Blue Jackets
66%
Detroit Red Wings
65%
Nashville Predators
65%
St. Louis Blues
64%
Toronto Marlies
61%
Hershey Bears
57%
Leigh Valley Phantoms
48%
Manitoba Moose
47%
Chicago Wolves
46%
Rochester Americans
46%
San Diego Gulls
46%
Ontario Reign
45%
Charlotte Checkers
44%
Tuscon Roadrunners
44%
San Jose Barracuda
43%
Stockton Heat
42%
Syracuse Crunch
42%
Bakersfield Condors
41%
Cleveland Monsters
41%
Hartford Wolf Pack
40%
Rockford Icehogs
39%
Milwaukee Admirals
38%
Utica Comets
38%
Grand Rapids Griffins
37%
Bridgeport Sound Tigers
30%
Springfield Thunderbirds
26%
St. John's IceCaps
25%
San Antonio Rampage
22%
No matching quizzes found
Score Distribution
Percent of People with Each Score
Percentile by Number Answered
Your Score History
You have not taken this quiz